| 000 | 01027nam a2200325Ia 4500 | ||
|---|---|---|---|
| 003 | OSt | ||
| 005 | 20221007124941.0 | ||
| 006 | a|||||r|||| 00| 0 | ||
| 007 | ta | ||
| 008 | 221006b |||||||| |||| 00| 0 eng d | ||
| 020 | _a9781119451129 (pbk) | ||
| 024 | _a201045 | ||
| 037 |
_b11736, 19/12/2019, Ahuja Book Co. (P) Ltd. _cTextual |
||
| 040 |
_aCDL _cCDL _beng |
||
| 041 |
_2eng _aeng |
||
| 082 | _aE9G, Q8 Carc | ||
| 100 | _aPratt Charlotte W | ||
| 245 | 0 |
_aPratt's essential biochemistry _b Cornely Kathleen |
|
| 250 | _a4th Global Edition | ||
| 260 |
_aSingapore _bWiley _c2018 |
||
| 300 |
_axiv, 606p. ill. col. _ccm. |
||
| 500 | _aGlossary G-1-20p.; Index I-1-20p. | ||
| 650 | _a Biomolecules | ||
| 650 | _a Metabolism | ||
| 650 |
_a Transcription and RNA _9721118 |
||
| 650 | _aChemistry | ||
| 700 | _a Cornely Kathleen | ||
| 942 |
_hE9G, Q8 Carc _cTEXL _2CC |
||
| 999 |
_c1214430 _d1214430 |
||